Vorgängerwährungen des Euros - Statistiken

Allgemein
  • Dieses Quiz wurde 104 mal gespielt
  • Das Durchschnittsergebnis liegt bei 11 aus 19
Antwortstatistiken
Hint Antwort % Korrekt
Deutschland Mark
95%
Finnland Mark
95%
Italien Lira
80%
Malta Lira
80%
Frankreich Franc
77%
Luxemburg Franc
77%
Irland Pfund
76%
Zypern Pfund
76%
Estland Krone
69%
Slowakei Krone
69%
Österreich Schilling
68%
Griechenland Drachme
54%
Niederlande Gulden
53%
Spanien Peseta
49%
Belgien Franken
34%
Portugal Escudo
30%
Slowenien Tolar
13%
Lettland Lats
10%
Litauen Litas
10%
Keine übereinstimmenden Quizze gefunden
Verteilung der Resultate
Anzahl Personen mit jedem Resultat
Perzentil nach korrekt beantworteten Fragen
Ihre Resultats-Entwicklung
Sie haben dieses Quiz noch nicht gespielt